|
|
|
|
| LEADER |
00000nam2a2200000 4500 |
| 001 |
344470 |
| 005 |
20231102005652.0 |
| 010 |
|
|
|a 9785534033922
|
| 035 |
|
|
|a (RuTPU)RU\TPU\book\375964
|
| 035 |
|
|
|a RU\TPU\book\219323
|
| 090 |
|
|
|a 344470
|
| 100 |
|
|
|a 20110922d2019 m y0rusy50 ca
|
| 101 |
0 |
|
|a rus
|
| 102 |
|
|
|a RU
|
| 105 |
|
|
|a a j 001zy
|
| 200 |
0 |
|
|a Т. 2
|
| 210 |
|
|
|d 2019
|
| 215 |
|
|
|a 414 с.
|c ил.
|
| 320 |
|
|
|a Библиогр.: с. 405-414
|
| 330 |
|
|
|a В учебнике всесторонне, детально и глубоко анализируются все темы современной микроэкономики как фундамента экономического образования самого высокого уровня. Изложение материала дается в увлекательной форме по оригинальной методике автора. Теоретические положения иллюстрируются бизнес-примерами, образцами решения задач и направлениями исследовательской работы. Теория и практические задания ранжируются по степени сложности, от простых, доступных тому, кто сталкивается с экономикой впервые, до продвинутых, анализ которых будет интересен хорошо подготовленному читателю. Для студентов экономических специальностей (бакалавров и магистров), а также аспирантов, молодых исследователи, научных работников.
|
| 461 |
|
1 |
|0 (RuTPU)RU\TPU\book\330378
|y 978-5-534-03391-5
|t Микроэкономика. Руководство для будущих профессионалов
|o учебник для академического бакалавриата
|o в 2 т.
|f Н. М. Розанова
|v Т. 2
|e 3-е изд., перераб. и доп.
|d 2019
|s Бакалавр. Академический курс
|
| 606 |
1 |
|
|a Микроэкономика
|2 stltpush
|3 (RuTPU)RU\TPU\subj\36419
|9 57809
|
| 610 |
1 |
|
|a экономическая теория
|
| 610 |
1 |
|
|a методология
|
| 610 |
1 |
|
|a монополия
|
| 610 |
1 |
|
|a конкуренция
|
| 610 |
1 |
|
|a олигополия
|
| 610 |
1 |
|
|a вертикальная интеграция
|
| 610 |
1 |
|
|a асимметричная информация
|
| 610 |
1 |
|
|a рынок факторов производства
|
| 610 |
1 |
|
|a рынок капитала
|
| 610 |
1 |
|
|a рынок сбыта
|
| 610 |
1 |
|
|a рынок труда
|
| 610 |
1 |
|
|a инвестиционное поведение
|
| 610 |
1 |
|
|a общее равновесие
|
| 610 |
1 |
|
|a портфельный анализ
|
| 610 |
1 |
|
|a внешние эффекты
|
| 610 |
1 |
|
|a общественные блага
|
| 610 |
1 |
|
|a производство
|
| 610 |
1 |
|
|a распределение
|
| 610 |
1 |
|
|a учебники
|
| 686 |
|
|
|a У012.1я73
|v LBC/SL-A
|2 rubbk
|
| 801 |
|
1 |
|a RU
|b 63413507
|c 20200226
|
| 801 |
|
2 |
|a RU
|b 63413507
|c 20220407
|g RCR
|
| 942 |
|
|
|c BK
|
| 959 |
|
|
|a 7/20200226
|d 1
|e 969,00
|f ЧЗГЛ:1
|